000 00606nam a2200205 a 4500
999 _c10103
_d10103
003 PK-NaQUE
005 20251124091433.0
008 251124b ||||| |||| 00| 0 eng d
020 _a0028224337 (hardcover)
020 _a9780028224336 (hardcover)
040 _cQUEST
100 1 _aRitchie, Donald A.
245 1 0 _aAmerican History : the modern era since 1865
250 _a2nd ed.
260 _a[S.l.] :
_bMcGraw-Hill/Glencoe,
_c2006.
300 _a918 p. ;
650 _aUnited States--History--1865-
856 4 0 _uhttp://10.10.170.122:8080/browse/book/28952
_yDownload eBook
942 _cBK
_2ddc